Treasury finance and development banking : a guide to credit, debt, and risk /

Bibliographic Details
Main Author: Mazzi, Biagio.
Format: eBook
Language:English
Published: Hoboken, New Jersey : Wiley, [2013]
Series:Wiley finance series
Subjects:
Online Access:Click to View
LEADER 01670nam a2200457 i 4500
001 EBC1372253
003 MiAaPQ
005 20200520144314.0
006 m o d |
007 cr cnu||||||||
008 130919t20132013njua ob 001 0 eng|d
020 |z 9781118729120 
020 |a 9781118729427  |q (electronic bk.) 
035 |a (MiAaPQ)EBC1372253 
035 |a (Au-PeEL)EBL1372253 
035 |a (CaPaEBR)ebr10756556 
035 |a (CaONFJC)MIL516119 
035 |a (OCoLC)861528574 
040 |a MiAaPQ  |b eng  |e rda  |e pn  |c MiAaPQ  |d MiAaPQ 
050 4 |a HG3701  |b .M39 2013 
082 0 |a 332.1753 
100 1 |a Mazzi, Biagio. 
245 1 0 |a Treasury finance and development banking :  |b a guide to credit, debt, and risk /  |c Biagio Mazzi. 
264 1 |a Hoboken, New Jersey :  |b Wiley,  |c [2013] 
264 4 |c 2013 
300 |a 1 online resource (333 pages) :  |b illustrations (some color). 
336 |a text  |2 rdacontent 
337 |a computer  |2 rdamedia 
338 |a online resource  |2 rdacarrier 
440 0 |a Wiley finance series 
504 |a Includes bibliographical references and index. 
588 |a Description based on online resource; title from PDF title page (ebrary, viewed September 19, 2013). 
590 |a Electronic reproduction. Ann Arbor, MI : ProQuest, 2015. Available via World Wide Web. Access may be limited to ProQuest affiliated libraries. 
650 0 |a Credit. 
650 0 |a Bank loans. 
650 0 |a Debt. 
650 0 |a Financial risk. 
650 0 |a Development banks. 
655 4 |a Electronic books. 
797 2 |a ProQuest (Firm) 
856 4 0 |u https://ebookcentral.proquest.com/lib/matrademy/detail.action?docID=1372253  |z Click to View